000 00991nam a2200277 i 4500
005 20240122160106.0
008 240118t20232023my a g 000 1 may d
020 _a9789672865223
_cRM12.00
_qpaperback
040 _aPPAK
_beng
_cPPAK
_erda
082 0 4 _223
_a899.2333
090 0 0 _a899.2333
_bAIN
_dG
100 0 _aAin Maisarah,
_d1982-
_eauthor.
245 1 0 _aAirbnb00 :
_bTHE GHOSTWRITER /
_cKetua Penulis: Ain Maisarah ; Ketua Editor: Farhan Rahmat ; Editor: Nurismaliza Ismail
246 3 4 _aApabila tersewa rumah berpenunggu
264 1 _aBandar Baru Nilai, Negeri Sembilan :
_bBLINK BOOK SDN BHD,
_c2023
264 4 _c©2023
300 _a114 pages :
_billustrations ;
_c19 cm.
336 _atext
_2rdacontent
337 _aunmediated
_2rdamedia
338 _avolume
_2rdacarrier
650 1 0 _aMalay fiction
650 2 4 _aMalaysian fiction (Malay)
700 0 _aFarhan Rahmat,
_eeditor.
700 0 _aNurismaliza Ismail,
_eeditor.
942 _2ddc
_cB
999 _c194640
_d194640